000 00508nam a2200181Ia 4500
999 _c29294
_d29294
003 OSt
005 20260305115423.0
008 190216s9999||||xx |||||||||||||| ||und||
020 _a9788126417605
040 _coclc
082 _a894.8124
_bDAS/E
100 _aDas, Kamala
_95366
245 0 _aEe Jeevitham Kondu Ithramathram /
_cKamala Das
260 _bD C Books,
_aKottayam:
_c2008.
300 _a76p
650 _aLekhanam
942 _cBK
_2ddc
_h894.8124
_iDAS/E
_k894.8124
_mDAS/E